书目信息 |
| 题名: |
与数学大师面对面
|
|
| 作者: | 刘克峰 , 季理真 , 丘成桐 主编 | |
| 分册: | ||
| 出版信息: | 杭州 浙江大学出版社 2007 |
|
| 页数: | 177页 | |
| 开本: | 25cm | |
| 丛书名: | 数学与数学人 | |
| 单 册: | ||
| 中图分类: | I253.6 | |
| 科图分类: | ||
| 主题词: | 数学家--shu xue jia--生平事迹--世界 , 报告文学--中国 , 传记文学--中国 | |
| 电子资源: | ||
| ISBN: | 978-7-308-05414-0 | |
| 000 | 01058nam 2200313 450 | |
| 001 | 012007048035 | |
| 005 | 20081008151807.84 | |
| 010 | @a978-7-308-05414-0@dCNY25.00 | |
| 100 | @a20071019d2007 em y0chiy0110 ea | |
| 101 | 0 | @achi |
| 102 | @aCN@b330000 | |
| 105 | @ac z 000yd | |
| 200 | 1 | @a与数学大师面对面@Ayu shu xue da shi mian dui mian@f丘成桐, 刘克峰, 季理真主编 |
| 210 | @a杭州@c浙江大学出版社@d2007 | |
| 215 | @a177页@c肖像@d25cm | |
| 225 | 2 | @a数学与数学人@Ashu xue yu shu xue ren |
| 300 | @aNo.4印象·走进数学人 | |
| 330 | @a本书分为“数字家访谈”、“名家文选”、“数学故事”三章,介绍了丘成桐、萧荫堂、鲍特、肯·里贝特、杨忠道等数学名人。 | |
| 410 | 0 | @12001 @a数学与数学人 |
| 606 | 0 | @a数学家@Ashu xue jia@x生平事迹@y世界 |
| 606 | 0 | @a报告文学@x中国 |
| 606 | 0 | @a传记文学@x中国 |
| 690 | @aI253.6@v4@aI253.6@v4 | |
| 701 | 0 | @a刘克峰@Aliu ke feng@4主编 |
| 701 | 0 | @a季理真@Aji li zhen@4主编 |
| 701 | 0 | @a丘成桐@Aqiu cheng tong@4主编 |
| 801 | 0 | @aCN@c20081008 |
| 902 | @a1@c20071019@b20071019 | |
| 905 | @dI253.6@eQ700 | |
| 与数学大师面对面/丘成桐, 刘克峰, 季理真主编.-杭州:浙江大学出版社,2007 |
| 177页:肖像;25cm.-(数学与数学人) |
| No.4印象·走进数学人 |
| ISBN 978-7-308-05414-0:CNY25.00 |
| 本书分为“数字家访谈”、“名家文选”、“数学故事”三章,介绍了丘成桐、萧荫堂、鲍特、肯·里贝特、杨忠道等数学名人。 |
| ● |
| 相关链接 |
|
|
|
正题名:与数学大师面对面
索取号:I253.6/Q700
 
预约/预借
| 序号 | 登录号 | 条形码 | 馆藏地/架位号 | 状态 | 备注 |
| 1 | 840984 | 208409845 | 文学库108/108文学库 68排6列3层/ [索取号:I253.6/Q700] | 在馆 | |
| 2 | 840985 | 208409854 | 文学库108/108文学库 68排6列3层/ [索取号:I253.6/Q700] | 在馆 | |
| 3 | 840986 | 208409863 | 文学库108/108文学库 68排6列3层/ [索取号:I253.6/Q700] | 在馆 |